Xây dựng mô hình ứng dụng khoa học kỹ thuật ương - nuôi tôm Càng xanh tại xã Mỹ Phước (Huyện Măng Thít), xã Quới An (Huyện Vũng Liêm), xã Mỹ Lộc (Huyện Tam Bình) tỉnh Vĩnh Long : Báo cáo tổng kết dự án

Spremljeno u:
Bibliografski detalji
Glavni autor: Bùi, Văn Sáu
Format: Knjiga
Jezik:Undetermined
Izdano: Cần Thơ Trường Đại học Cần Thơ 2004
Teme:
Oznake: Dodaj oznaku
Bez oznaka, Budi prvi tko označuje ovaj zapis!
Thư viện lưu trữ: Trung tâm Học liệu Trường Đại học Cần Thơ
LEADER 00860nam a2200193Ia 4500
001 CTU_161643
008 210402s9999 xx 000 0 und d
082 |a 639.64 
082 |b S111 
100 |a Bùi, Văn Sáu 
245 0 |a Xây dựng mô hình ứng dụng khoa học kỹ thuật ương - nuôi tôm Càng xanh tại xã Mỹ Phước (Huyện Măng Thít), xã Quới An (Huyện Vũng Liêm), xã Mỹ Lộc (Huyện Tam Bình) tỉnh Vĩnh Long : 
245 0 |b Báo cáo tổng kết dự án 
245 0 |c Bùi Văn Sáu (Chủ nhiệm dự án) 
260 |a Cần Thơ 
260 |b Trường Đại học Cần Thơ 
260 |c 2004 
650 |a Fish culture,Shrimp culture,Nuôi tôm 
904 |i Trọng Hải 
980 |a Trung tâm Học liệu Trường Đại học Cần Thơ